000
00273nam a22001337a 4500
008
170307b xxu||||| |||| 00| 0 eng d
020
_a
07490712
041
_a
eng
080
_a
611
100
_a
6
101
_a
SHM
245
_a
HAND CLINICS
_c
RUBY, L.K
942
_2
udc
_c
BK
999
_c
7011
_d
7011